Statistiques concernant Pays par frontières en 90 secondes

Cliquez ici pour prendre le quiz!

Statistiques générales

  • Ce quiz a été pris 209 088 fois
  • Le résultat moyen est 104 sur 157

Réponses sur la Carte

Les réponses sont colorées sur une échelle allant du rouge au vert en fonction du pourcentage des utilisateurs qui les ont devinées à leur premier essai. Vous pouvez retrouver ces pourcentages ci-dessous.
Chargement ...
 

Statistiques - réponses

Pays% Correct
France
98%
Brésil
98%
Russie
96%
Etats-Unis
96%
Chine
96%
Suriname
96%
Canada
95%
Allemagne
95%
Espagne
94%
Mexique
94%
Suisse
94%
Kazakhstan
94%
Mongolie
94%
Corée du Nord
93%
Pakistan
92%
Pologne
92%
Finlande
91%
Myanmar
91%
Norvège
91%
Inde
91%
Bolivie
91%
Argentine
91%
Ukraine
91%
Népal
90%
Italie
90%
Libye
90%
Algérie
90%
Biélorussie
90%
Bhoutan
89%
Pérou
88%
Pays-Bas
87%
Mauritanie
87%
Belgique
87%
Azerbaïdjan
87%
Lituanie
86%
Mali
86%
Luxembourg
86%
Andorre
86%
Niger
85%
Colombie
85%
Maroc
84%
Paraguay
84%
Soudan
81%
Lettonie
81%
Chili
80%
Uruguay
80%
Estonie
80%
Géorgie
80%
République
Centrafricaine
79%
Soudan du Sud
78%
Afrique du Sud
78%
Irak
78%
Venezuela
77%
Namibie
77%
Rép dém du Congo
77%
Turquie
77%
Zambie
76%
Zimbabwe
76%
Botswana
76%
Arabie Saoudite
75%
Tanzanie
75%
République
du Congo
75%
Cameroun
75%
Afghanistan
74%
Mozambique
74%
Angola
72%
Iran
71%
Ouganda
71%
Égypte
71%
Laos
70%
Tchad
70%
Bulgarie
70%
Burkina Faso
69%
Eswatini
69%
Guyana
69%
Rwanda
68%
Lesotho
68%
Oman
68%
Jordanie
67%
Autriche
67%
Burundi
67%
Monaco
66%
Hongrie
66%
Viêt Nam
65%
Yémen
64%
Gabon
64%
Éthiopie
64%
Guatemala
63%
Portugal
63%
Sri Lanka
63%
Tunisie
63%
Bangladesh
63%
Guinée
62%
Arménie
62%
Émirats arabes unis
61%
Serbie
61%
Grèce
61%
Suède
61%
Roumanie
61%
Irlande
60%
Royaume-Uni
60%
Koweït
60%
Danemark
59%
Sénégal
59%
Tchéquie
59%
Équateur
58%
Côte d'Ivoire
58%
Kenya
57%
Tadjikistan
57%
Kirghizistan
56%
Malaisie
56%
Slovénie
56%
Nigeria
56%
Somalie
55%
Syrie
55%
Qatar
54%
Israël
54%
Panama
54%
Slovaquie
53%
Macédoine du Nord
53%
Belize
53%
Indonésie
53%
Turkménistan
52%
Bénin
50%
Costa Rica
50%
Croatie
48%
Djibouti
48%
Papouasie-
Nouvelle-Guinée
47%
Thaïlande
47%
Cambodge
46%
Érythrée
46%
Monténégro
45%
Honduras
45%
Albanie
45%
Nicaragua
44%
Ghana
44%
Timor-Leste
43%
Moldavie
42%
Togo
41%
Bosnie-Herzégovine
40%
Salvador
37%
Liberia
36%
Kosovo
34%
Guinée-Bissau
33%
Ouzbékistan
29%
Sierra Leone
27%
Liechtenstein
27%
Saint-Marin
26%
République
dominicaine
26%
Vatican
26%
Haïti
25%
Gambie
24%
Malawi
24%
Liban
23%
Corée du Sud
20%
Guinée équatoriale
18%
Brunei
12%

Distribution des résultats

Percentile par nombre de réponses

% des personnes avec chaque résultat

Votre développement - résultats

Vous n’avez pas pris ce quiz